书目信息 |
| 题名: |
AutoCAD 2007中文版实用教程
|
|
| 作者: | 崔洪斌 , 王爱民 编著 | |
| 分册: | ||
| 出版信息: | 北京 人民邮电出版社 2006.07 |
|
| 页数: | 421页 | |
| 开本: | 26cm | |
| 丛书名: | ||
| 单 册: | ||
| 中图分类: | TP391.72 | |
| 科图分类: | ||
| 主题词: | AutoCAD软件--AutoCAD ruan jian--教材 | |
| 电子资源: | ||
| ISBN: | 7-115-14852-X | |
| 000 | 00977nam0 2200241 450 | |
| 001 | 012007343973 | |
| 005 | 20071010151626.67 | |
| 010 | @a7-115-14852-X@dCNY39.00 | |
| 100 | @a20070801d2006 km y0chiy0120 ea | |
| 101 | 0 | @achi |
| 102 | @aCN@b110000 | |
| 105 | @aa z 000yy | |
| 200 | 1 | @aAutoCAD 2007中文版实用教程@AAutoCAD 2007 zhong wen ban shi yong jiao cheng@f崔洪斌, 王爱民编著@Fcui hong bin,wang ai min bian zhu |
| 210 | @a北京@c人民邮电出版社@d2006.07 | |
| 215 | @a421页@c图@d26cm | |
| 330 | @a本书基本绘图设置入手,然后循序渐进地介绍用AutoCAD 2007绘制和编辑二维图形、文字标注、尺寸标注、图案填充、块与属性、精确绘图工具、图形显示控制、绘制基本三维模型、绘制复杂实体模型以及渲染等。 | |
| 333 | @a大中专院校相关专业师生,CAD培训中心学员,CAD工程技术人员 | |
| 606 | 0 | @aAutoCAD软件@AAutoCAD ruan jian@j教材 |
| 690 | @aTP391.72@v4 | |
| 701 | 0 | @a崔洪斌@Acui hong bin@4编著 |
| 701 | 0 | @a王爱民@Awang ai min@4编著 |
| 801 | 0 | @aCN@c20071010 |
| 905 | @dTP391.72@eC969 | |
| AutoCAD 2007中文版实用教程/崔洪斌, 王爱民编著.-北京:人民邮电出版社,2006.07 |
| 421页:图;26cm |
| 使用对象:大中专院校相关专业师生,CAD培训中心学员,CAD工程技术人员 |
| ISBN 7-115-14852-X:CNY39.00 |
| 本书基本绘图设置入手,然后循序渐进地介绍用AutoCAD 2007绘制和编辑二维图形、文字标注、尺寸标注、图案填充、块与属性、精确绘图工具、图形显示控制、绘制基本三维模型、绘制复杂实体模型以及渲染等。 |
| ● |
| 相关链接 |
|
|
|
正题名:AutoCAD 2007中文版实用教程
索取号:TP391.72/C969
 
预约/预借
| 序号 | 登录号 | 条形码 | 馆藏地/架位号 | 状态 | 备注 |
| 1 | 252590 | 202525909 | 自科库301/ [索取号:TP391.72/C969] | 在馆 |